| 000 | 00418pam a2200169 a 4500 | ||
|---|---|---|---|
| 020 |
_a978-1-4053-4132-5 _c |
||
| 041 | _h | ||
| 082 | _a641.555 | ||
| 100 |
_aHEATHER WHINNEY _eAuthor |
||
| 245 |
_aCOOK EXPRESS _cHEATHER WHINNEY _hTextual Documents |
||
| 250 | _a1st | ||
| 260 |
_alondon _bDORLING KINDERSLEY |
||
| 300 | _a544 | ||
| 653 | _afood production | ||
| 700 |
_aHEATHER WHINNEY _eCo-Author |
||
| 930 | _a912 | ||
| 999 |
_c228313 _d228313 |
||